| 000 | 01927cam a2200373 i 4500 | ||
|---|---|---|---|
| 001 | 17123974 | ||
| 003 | ARRUPE | ||
| 005 | 20221108161017.0 | ||
| 008 | 120117s2012 nyua 000 0 eng | ||
| 010 | _a 2012931062 | ||
| 020 | _a9780071791236 (book and CD set : acidfree paper) | ||
| 020 | _a9780071791205 (book for set) | ||
| 020 | _z9790071791205 | ||
| 020 | _z9780071791212 (e-isbn) | ||
| 040 |
_aDLC _beng _cDLC _erda _dDLC |
||
| 042 | _apcc | ||
| 050 | 0 | 0 |
_aLB2367.4 _b.G65 2012 |
| 082 | 0 | 0 |
_a378.1/662 _223 |
| 245 | 0 | 4 |
_aThe official guide to the GRE revised general test / _cETS. |
| 246 | 3 | _aOfficial guide to the Graduate Record Examination | |
| 250 | _a2nd edition. | ||
| 300 |
_a563 pages : _billustrations ; _c28 cm + _e1 CD-ROM (4 3/4 in.) |
||
| 500 | _a"For all test dates on or after August 1, 2011"--Cover. | ||
| 505 | 0 | _aAbout the GRE revised General Test -- GRE analytical writing -- GRE verbal reasoning --GRE verbal reasoning practice questions -- GRE quantitative reasoning -- GRE quantitative reasoning practice questions -- GRE math review -- GRE Practice test 1 -- GRE Practice test 2. | |
| 538 | _aSystem requirements for CD-ROM: Microsoft Windows XP, Vista, or 7. | ||
| 650 | 0 |
_aGraduate Record Examination _vStudy guides. _951825 |
|
| 710 | 2 |
_aEducational Testing Service. _951832 |
|
| 856 | 4 | 2 |
_3Contributor biographical information _uhttp://www.loc.gov/catdir/enhancements/fy1206/2012931062-b.html |
| 856 | 4 | 2 |
_3Publisher description _uhttp://www.loc.gov/catdir/enhancements/fy1206/2012931062-d.html |
| 856 | 4 | 1 |
_3Table of contents only _uhttp://www.loc.gov/catdir/enhancements/fy1206/2012931062-t.html |
| 906 |
_a7 _bcbc _corigcop _d1 _eepcn _f20 _gy-gencatlg |
||
| 942 |
_2lcc _cMONOGRAPH |
||
| 999 |
_c131515 _d131515 |
||